Průvodce labyrintem elektroniky

Saved in:
Bibliographic Details
Main Author: Havlíček, Miroslav
Format: Book
Language:Czech
Published: Praha Mladá fronta 1989
Edition:1. vyd.
Tags: Add Tag
No Tags, Be the first to tag this record!

MARC

LEADER 00000nam a2200000 4500
001 c038153
005 20250609141254.0
041 0 |a cze 
044 |a CZ 
245 1 0 |a Průvodce labyrintem elektroniky  |c Miroslav Havlíček 
250 |a 1. vyd. 
264 1 |a Praha  |b Mladá fronta  |c 1989 
300 |a 196 s. 
100 1 |a Havlíček, Miroslav